000 00640nab a2200181 4500
001 244442
003 OSt
005 20230623103230.0
007 tu
008 200917s2020|||||||
040 _aDE-2950
_cDE-2950
245 0 0 _aIm Club der Hundertjährigen.
_bJubiläum. Gottfried Baldauf aus Frankfurt hat am Donnerstag seinen 100. Geburtstag gefeiert. Der rüstige Senior verrät, wie er so lange fit geblieben ist /
_cInes Weber-Rath
264 _c2023
653 _aFrankfurt (Oder)
653 _aBaldauf Gottfried, 1923-
773 0 _g34. Jahrgang (2023) Nr. 138 vom 16.06.2023, S. 13: mit Foto
_tMärkische Oderzeitung
942 _2z
_cA
999 _c372568
_d372568